Нейропсихология и афазия : новый подход (Запись № 964942)

Подробности
000 -МАРКЕР
контрольное поле 01693nam0a2200361 4500
001 - ИДЕНТИФИКАТОР ЗАПИСИ
контрольное поле RU\NLR\bibl\473114
005 - ИДЕНТИФИКАТОР ВЕРСИИ
контрольное поле 20260405062912.0
010 ## - МЕЖДУНАРОДНЫЙ СТАНДАРТНЫЙ НОМЕР КНИГИ (ISBN)
Номер (ISBN) 5-89502-290-1
Уточнения МПСИ
010 ## - МЕЖДУНАРОДНЫЙ СТАНДАРТНЫЙ НОМЕР КНИГИ (ISBN)
Номер (ISBN) 5-89395-352-5
Тираж 5000
Уточнения НПО "МОДЭК"
035 ## - ДРУГИЕ СИСТЕМНЫЕ НОМЕРА
Идентификатор записи (NLR Aleph) 000466215
100 ## - ДАННЫЕ ОБЩЕЙ ОБРАБОТКИ
Данные общей обработки 20031217d2001 |||y0rusy50 ca
101 0# - ЯЗЫК РЕСУРСА
Язык текста, звукозаписи и т.д. русский
102 ## - СТРАНА ПУБЛИКАЦИИ ИЛИ ПРОИЗВОДСТВА
Страна публикации российская федерация
105 ## - ПОЛЕ КОДИРОВАННЫХ ДАННЫХ: ТЕКСТОВЫЕ МАТЕРИАЛЫ, МОНОГРАФИЧЕСКИЕ
Кодированные данные о монографическом текстовом документе a |||||||||
200 1# - ЗАГЛАВИЕ И СВЕДЕНИЯ ОБ ОТВЕТСТВЕННОСТИ
Основное заглавие Нейропсихология и афазия : новый подход
Сведения, относящиеся к заглавию Учеб.-метод. пособие
Первые сведения об ответственности Л.С. Цветкова
Последующие сведения об ответственности Рос. акад. образования, Моск. психол.-социал. ин-т
210 ## - ПУБЛИКАЦИЯ, РАСПРОСТРАНЕНИЕ И ДР.
Место издания, распространения и т.д. М.
Имя издателя, распространителя и т. д. МПСИ
Место издания, распространения и т.д. Воронеж
Имя издателя, распространителя и т. д. МОДЭК
Дата издания, распространения и т.д. 2001
215 ## - ФИЗИЧЕСКАЯ ХАРАКТЕРИСТИКА
Специфическое обозначение материала и объем 587,[4] с.
Другие сведения о физической характеристике ил.
Размеры 21
225 1# - СЕРИЯ
Основное заглавие серии Библиотека психолога
300 ## - ОБЩИЕ ПРИМЕЧАНИЯ
Текст примечания В аннот. авт.: нейропсихолог и афазиолог
320 ## - ПРИМЕЧАНИЯ О НАЛИЧИИ В ДОКУМЕНТЕ БИБЛИОГРАФИИ / УКАЗАТЕЛЯ
Текст примечания Библиогр. в конце кн. (254 назв.)
606 0# - НАИМЕНОВАНИЕ ТЕМЫ КАК ПРЕДМЕТ
Наименование темы Афазия
Формальный подзаголовок Учебно-методические пособия
Системный номер авторитетной/нормативной записи 900520
Идентификатор авторитетной/нормативной записи RU\NLR\auth\667218
606 0# - НАИМЕНОВАНИЕ ТЕМЫ КАК ПРЕДМЕТ
Наименование темы Афазия
Формальный подзаголовок Руководства, пособия и т.п.
Системный номер авторитетной/нормативной записи 900520
Идентификатор авторитетной/нормативной записи RU\NLR\auth\667218
606 0# - НАИМЕНОВАНИЕ ТЕМЫ КАК ПРЕДМЕТ
Наименование темы Нейропсихология
Формальный подзаголовок Учебно-методические пособия
Системный номер авторитетной/нормативной записи 1695162
Идентификатор авторитетной/нормативной записи RU\NLR\auth\66754041
686 ## - ИНДЕКСЫ ДРУГИХ КЛАССИФИКАЦИЙ
Индекс Р62-321.11я7
686 ## - ИНДЕКСЫ ДРУГИХ КЛАССИФИКАЦИЙ
Индекс Ю948.5я7
700 #1 - ИМЯ ЛИЦА - ПЕРВИЧНАЯ ОТВЕТСТВЕННОСТЬ
Код отношения Автор
Материалы, к которым относится поле rus
Графика поля Кириллица
Начальный элемент ввода Цветкова
Часть имени, кроме начального элемента ввода Л. С.
Дополнения к именам, кроме дат д-р психол. наук
Даты 1929-2016
Расширение инициалов личного имени Любовь Семеновна
Идентификатор авторитетной/нормативной записи RU\NLR\auth\7721544
Системный номер авторитетной/нормативной записи 4606
801 #0 - ИСТОЧНИК ЗАПИСИ
Страна российская федерация
Организация NLR
Дата составления 20031217
Правила каталогизации PSBO
801 #1 - ИСТОЧНИК ЗАПИСИ
Страна российская федерация
Организация NLR
Дата составления 20031217
830 ## - ОБЩЕЕ ПРИМЕЧАНИЕ, СОСТАВЛЕННОЕ КАТАЛОГИЗАТОРОМ
Текст примечания Авт. по кн.
942 ## - ДОПОЛНИТЕЛЬНЫЕ ЭЛЕМЕНТЫ ЗАПИСИ (АБИС)
Тип экземпляра АБИС Книга
980 ## - КОЛЛЕКЦИЯ
Название коллекции Национальная библиография
Экземпляры
Тип экземпляра Дата поступления Источник поступления Стоимость Библиотека постоянного хранения Библиотека текущего хранения Место хранения Шифр хранения Штрих-код Статус не для выдачи
Книга 17.12.2003 Покупка 142.53 РНБ (Московский) РНБ (Московский) Русский книжный фонд: издания с 1957 года, 3этаж 2003-3/29832 1-642684